| 000 | 00642cam a22002291 4500 | ||
|---|---|---|---|
| 001 | gs 38000116 | ||
| 003 | DLC | ||
| 005 | 20260227111343.0 | ||
| 008 | 720329s1938 xx 000 0 eng | ||
| 010 | _ags 38000116 | ||
| 035 | _a(OCoLC)272839 | ||
| 040 |
_aDLC _cODaWU _dDLC |
||
| 043 | _an-us-ks | ||
| 050 | 0 | 0 |
_aQE75 _b.B9 no. 889 |
| 051 |
_aQB296.U9 _bK8 1896-1935 _cCopy 2. |
||
| 100 | 1 |
_aStaack, J. G. _q(John George), _d1878- |
|
| 245 | 1 | 0 | _aSpirit leveling in Kansas, 1896-1935. |
| 260 |
_bU.S. Govt. Print. Off., _c1938. |
||
| 300 | _a88 p. | ||
| 410 | 2 | 0 |
_aGeological Survey (U.S.) _tBulletin _v889 |
| 651 | 0 |
_aKansas _xAltitudes. |
|
| 999 |
_c27434 _d27434 |
||